00492nam a2200133 i 450000100060000000300090000600500170001500700030003200800410003510000340007624501770011026000480028785200230033594409ES-MaACL20250516063029.0t|050429s1920 sp ||||1| spa d1 aLorenzo, Anselmo, d1841-191410aCriterio literario b: conferencia leida en 4 y 20 de Septiembre de 1903 en el Centro Fraternal de Cultura de Barcelona y en la inaguración del Centro Obrero de Sabadell. aBarcelona : b[s.n.], c1920 (f"Germinal") aES-MaACLj1636-F-3